Compilers : principles, techniques and tools (Record no. 295083)

MARC details
000 -LEADER
fixed length control field 00453nam a2200169Ia 4500
005 - DATE AND TIME OF LATEST TRANSACTION
control field 20241029143030.0
008 - FIXED-LENGTH DATA ELEMENTS--GENERAL INFORMATION
fixed length control field 240126s9999 xx 000 0 und d
020 ## - INTERNATIONAL STANDARD BOOK NUMBER
International Standard Book Number 9789332518667
082 ## - DEWEY DECIMAL CLASSIFICATION NUMBER
Classification number 001.6425 AHO;4
100 ## - MAIN ENTRY--PERSONAL NAME
Personal name Aho, Alfred V. Lam, Monica S. Sethi, Ravi ...[et al.]
245 #0 - TITLE STATEMENT
Title Compilers : principles, techniques and tools
250 ## - EDITION STATEMENT
Edition statement 2nd ed.
260 ## - PUBLICATION, DISTRIBUTION, ETC. (IMPRINT)
Name of publisher, distributor, etc. Pearson
Place of publication, distribution, etc. Noida
Date of publication, distribution, etc. 2014
300 ## - PHYSICAL DESCRIPTION
Extent 948
440 ## - SERIES STATEMENT/ADDED ENTRY--TITLE
Title NULL
942 ## - ADDED ENTRY ELEMENTS (KOHA)
Koha item type PESU Books
Holdings
Date last seen Total Checkouts Total Renewals Full call number Accession number Volume/Issue Number Date checked out Cost, replacement price Price effective from Category Lost status Source of classification or shelving scheme Damaged status Department Withdrawn status bill no. Permanent Location Current Location Shelving location Entry date Vendor Cost, normal purchase price Grants Currency symbol Conversion rate Discount Discount type
03/02/2026 2 1 001.6425 AHO;4 PU13351 (06/07/1905) 05/01/2026 731.25 26/01/2024 PESU Books   Dewey Decimal Classification   Central Library   ACM/PESUNI/2022-23/0029 Central Library Central Library Central Library 11/11/2022 ACM Trading 975.00 CS RS 1 25 Percentage

© For any Suggestions or Query, please contact the library staff @ librarian@pes.edu or Phone: +9180 2672 1983/ 2108.